000 00782nam a22002297a 4500
005 20170124110032.0
010 _aB-026921
020 _c00.00
_a0074634976
035 _aB-026921
037 _bCen Lib/Ret
040 _aDPL
_bEN
082 _a384.01
_bGUP
100 _aGupta, Niraj K.
_921965
245 _aThe business of telecommunication :
_bnetworking in the new millennium /
_cby Niraj K. Gupta
260 _aNew Delhi
_bTata McGraw Hill Publishing Company
_c2000
270 _a7 west patel nagar
_bNew Delhi
_e110008
300 _axxi, 506p.
_c21cm(Hb)
500 _aincludes glossary, bibliographical references and index
650 _aTelecommunication
_zIndia
_921966
650 _aTelecom network
_921967
942 _2ddc
_cEN
_h384.01
_mGUP
999 _c127937
_d127937